书目信息 |
| 题名: |
常见运动创伤的护理和康复
|
|
| 作者: | 于长隆 主编 | |
| 分册: | ||
| 出版信息: | 北京 北京大学医学出版社 2006 |
|
| 页数: | 283页 | |
| 开本: | 26cm | |
| 丛书名: | 华夏英才基金学术文库 | |
| 单 册: | ||
| 中图分类: | R873 , R473.6 | |
| 科图分类: | ||
| 主题词: | 运动性疾病--损伤--护理 , 运动性疾病--损伤--康复 , 运动性疾病 , 损伤 , 康复 , 护理学 | |
| 电子资源: | ||
| ISBN: | 7-81071-935-1 | |
| 000 | 00996oam2 2200313 450 | |
| 001 | 1549889361 | |
| 005 | 20150131135155.48 | |
| 010 | @a7-81071-935-1@b精装@dCNY70.00 | |
| 100 | @a20061113d2006 kemy0chiy50 ea | |
| 101 | 0 | @achi |
| 102 | @aCN@b110000 | |
| 105 | @aa z 000yy | |
| 200 | 1 | @a常见运动创伤的护理和康复@9chang jian yun dong chuang shang de hu li he kang fu@f于长隆主编 |
| 210 | @a北京@c北京大学医学出版社@d2006 | |
| 215 | @a283页@c图@d26cm | |
| 225 | 2 | @a华夏英才基金学术文库 |
| 330 | @a本书主要内容包括:肩关节运动创伤的护理与康复、肘关节运动伤病的护理和康复、手及腕部运动创伤的护理和康复等内容。 | |
| 461 | 0 | @12001 @a华夏英才基金学术文库 |
| 606 | 0 | @a运动性疾病@x损伤@x护理 |
| 606 | 0 | @a运动性疾病@x损伤@x康复 |
| 606 | 0 | @a运动性疾病 |
| 606 | 0 | @a损伤 |
| 606 | 0 | @a康复 |
| 606 | 0 | @a护理学 |
| 690 | @aR873@v5 | |
| 690 | @aR473.6@v4 | |
| 701 | 0 | @a于长隆@9yu chang long@c(运动医学)@4主编 |
| 801 | 0 | @aCN@bTSSF@c20150131 |
| 905 | @aZUCC@dR473.6@eJY286 | |
| 常见运动创伤的护理和康复/于长隆主编.-北京:北京大学医学出版社,2006 |
| 283页:图;26cm.-(华夏英才基金学术文库) |
| ISBN 7-81071-935-1(精装):CNY70.00 |
| 本书主要内容包括:肩关节运动创伤的护理与康复、肘关节运动伤病的护理和康复、手及腕部运动创伤的护理和康复等内容。 |
| ● |
| 相关链接 |
|
|
|
|
正题名:常见运动创伤的护理和康复
索取号:R473.6/JY286
 
预约/预借
| 序号 | 登录号 | 条形码 | 馆藏地/架位号 | 状态 | 备注 |
| 1 | 7861950 | 278619504 | 学院路分馆/ [索取号:R473.6/JY286] | 在馆 |